000 00699nam a22002777a 4500
005 20260413193019.0
008 150303b2006 xxu||||| |||| 00| 0 spa d
020 _a8476587880
041 _aESP
082 _a364.67 B493t
100 _aBergalli, Roberto
_929750
245 _aTorturas y abuso de poder
260 _aEspaña
260 _bAntrophos
260 _c2006
300 _a186 páginas
490 _aInvestigación Criminal
650 _aTORTURA
650 _aDERECHOS HUMANOS
650 _aDELITOS CONTRA LA PERSONA
650 _aDERECHO INTERNACIONAL
650 _aABUSO DE PODER
650 _aPENAS CRUELES
650 _aPREVENCIÓN DE LA TORTURA
942 _cBK
_2ddc
999 _c3589
_d3589